<?xml version="1.0" encoding="UTF-8"?><?xml-stylesheet type="text/xsl" href="static/style.xsl"?><OAI-PMH xmlns="http://www.openarchives.org/OAI/2.0/" xmlns:xsi="http://www.w3.org/2001/XMLSchema-instance" xsi:schemaLocation="http://www.openarchives.org/OAI/2.0/ http://www.openarchives.org/OAI/2.0/OAI-PMH.xsd"><responseDate>2026-04-27T12:55:27Z</responseDate><request verb="GetRecord" identifier="oai:uvadoc.uva.es:10324/1430" metadataPrefix="marc">https://uvadoc.uva.es/oai/request</request><GetRecord><record><header><identifier>oai:uvadoc.uva.es:10324/1430</identifier><datestamp>2021-11-11T10:08:26Z</datestamp><setSpec>com_10324_38</setSpec><setSpec>col_10324_787</setSpec></header><metadata><record xmlns="http://www.loc.gov/MARC21/slim" xmlns:doc="http://www.lyncode.com/xoai" xmlns:xsi="http://www.w3.org/2001/XMLSchema-instance" xmlns:dcterms="http://purl.org/dc/terms/" xsi:schemaLocation="http://www.loc.gov/MARC21/slim http://www.loc.gov/standards/marcxml/schema/MARC21slim.xsd">
<leader>00925njm 22002777a 4500</leader>
<datafield tag="042" ind1=" " ind2=" ">
<subfield code="a">dc</subfield>
</datafield>
<datafield tag="720" ind1=" " ind2=" ">
<subfield code="a">Soriano Oliú, Georgina</subfield>
<subfield code="e">author</subfield>
</datafield>
<datafield tag="260" ind1=" " ind2=" ">
<subfield code="c">2012</subfield>
</datafield>
<datafield tag="520" ind1=" " ind2=" ">
<subfield code="a">El proyecto trata de cómo realizar la solicitud para la autorización del uso de la marca de garantía "Tierra de Sabor" para productos elaborados en una fábrica de chocolate de Castilla y León. Se describen los documentos necesarios para la solicitud, los requisitos que el titular y los productos han de cumplir y otros datos relevantes. Este proyecto incluye los documentos elaborados por la entidad certificadora como el pliego de condiciones y el procedimiento específico de certificación con las listas de chequeo.</subfield>
</datafield>
<datafield tag="024" ind2=" " ind1="8">
<subfield code="a">http://uvadoc.uva.es/handle/10324/1430</subfield>
</datafield>
<datafield ind1=" " ind2=" " tag="653">
<subfield code="a">Chocolate - Industria y comercio - Calidad - Control</subfield>
</datafield>
<datafield tag="245" ind1="0" ind2="0">
<subfield code="a">Procedimiento de solicitud de la marca de garantía "Tierra de Sabor" CHOCOLATES SUPERLATIVA</subfield>
</datafield>
</record></metadata></record></GetRecord></OAI-PMH>